banner-ar

ABBREVIATION DICTIONARY / (Record no. 12952)

MARC details
000 -الفاتح
حقل البيانات ثابتة الطول 00526nam a2200205Ia 4500
008 - عناصر البيانات ثابتة الطول - معلومات عامة
حقل البيانات ثابتة الطول 140319s9999 xx 000 0 eng d
040 ## - مصدر الفهرسة
وكالة الفهرسة الأصلية GCL /
وكالة النسخ GCL
082 04 - رقم تصنيف ديوى العشرى
رقم التصنيف 423.13
رقم المادة D A
100 1# - المدخل الرئيسى - إسم شخصى
الإسم الشخصى DESOLA, RALPH
245 10 - بيان العنوان
العنوان ABBREVIATION DICTIONARY /
بيان المسئوليه,etc DESOLA, RALPH
700 1# - المدخل الاضافى - اسم شخصى
الإسم الشخصى STAHL, DEAN
700 1# - المدخل الاضافى - اسم شخصى
الإسم الشخصى KERCHELICH, KAREN
260 ## - PUBLICATION, DISTRIBUTION, ETC. (IMPRINT)
تاريخ النشر أو التوزيع 1995
300 ## - الوصف المادى
التعداد 1347 P
650 04 - المدخل الاضافى بالموضوع-مصطلح موضوعى
مصطلح موضوعي ENGLISH ABBERVIATIONS
650 04 - المدخل الاضافى بالموضوع-مصطلح موضوعى
مصطلح موضوعي DICTIONARIES
650 04 - المدخل الاضافى بالموضوع-مصطلح موضوعى
مصطلح موضوعي ABBREVATIONS
942 ## - عناصر المدخل الإضافي( كوها)
مصدر التصنيف او مخطط الترفيف Dewey Decimal Classification
Koha [default] item type كتاب
260 ## - PUBLICATION, DISTRIBUTION, ETC. (IMPRINT)
-- [S.N] :
-- C R C PRESS, INC ،
Holdings
حالة التراجع حالة الفقد حالة تلف ليس للاعارة المكان المؤقت الموقع الحالى تاريخ الاكتساب اجمالي اﻻعارات رقم الطلب الباركود تاريخ اخر مشاهدة تاريخ تفعيل السعر نوع وعاء كوها
        مكتبة القاهرة الكبرى مكتبة القاهرة الكبرى 03/26/2014   423.13\D A 25010 03/26/2014 03/26/2014 كتاب

Powered By

EGPV